Conoscere L'italia Toscana 1

সংরক্ষণ করুন:
গ্রন্থ-পঞ্জীর বিবরন
প্রধান লেখক: Istituto Geofrafico Deagostini
বিন্যাস: গ্রন্থ
ভাষা:অজানা বা ভুল ভাষা
প্রকাশিত: Istituto Geografico Deagostini
ট্যাগগুলো: ট্যাগ যুক্ত করুন
কোনো ট্যাগ নেই, প্রথমজন হিসাবে ট্যাগ করুন!

MARC

LEADER 00000nam a2200000Ia 4500
001 R-1505
003 CODICE-MESSINA
005 20260212102508.0
008 260211s9999 xx 000 0 und d
040 |c importazione_messina 
100 |a Istituto Geofrafico Deagostini 
245 0 |a Conoscere L'italia  
245 0 |b Toscana 1 
260 |b Istituto Geografico Deagostini 
942 |2 ddc  |c BK 
952 |0 0  |1 0  |2 ddc  |4 0  |6 SCAFFALE_14_000000000000000__ARTE  |7 0  |9 32343  |a ME  |b ME  |d 2026-02-11  |l 0  |o SCAFFALE 14 - ARTE  |p R-1505  |r 2026-02-11 23:53:07  |w 2026-02-11  |x [REVISIONARE]  |y BK 
999 |c 28010  |d 28010